Statistics for Amusement parks with most rollercoasters

Click here to take the quiz!

General Stats

  • This quiz has been taken 513 times
  • The average score is 5 of 8

Answer Stats

Number of Roller CoastersAnswer% Correct
16Cedar Point
93%
18Six Flags Magic Mountain
78%
13King's Island
61%
13Six Flags Great Adventure
61%
13Six Flags Great America
52%
14Kings Dominion
46%
16Canada's Wonderland
38%
13Carowinds
37%

Score Distribution

Percentile by Number Answered

Percent of People with Each Score

Your Score History

You have not taken this quiz